00561 2200205 4500001002100000005001500021035002000036245007500056100001800131250000600149300003500155700001200190260003900202082001200241084001800253020001800271650003200289990001700321990001700338INLIS00000000000022920180920125745 a0010-09180000831 aSelayang Pandang Sulawesi Tengah /cNurul Hidayah; Ilustrator, Junarko0 aNurul Hidayah a- aiv, 60 hlm. :bilus. ;c21 cm.0 aJunarko aKlaten :bPT Intan Pariwara,c2008 a911.598 a911.598 NUR s a979-28-0453-9 aGeografi Historis Indonesia a00963/P/2018 a00964/P/2018